[Event "EICC 2021"]
[Site "Reykjavik"]
[Date "2021.08.30"]
[Round "5.7"]
[White "Sargissian, Gabriel"]
[Black "Nagy, Gabor"]
[Result "1/2-1/2"]
[WhiteElo "2682"]
[BlackElo "2518"]
[Annotator "TA"]
[PlyCount "95"]
[EventDate "2021.08.26"]
[EventType "swiss"]
[EventCountry "ISL"]
[Tiebreak "Cut1 Buchholz"]
[SourceTitle "playchess.com"]
[Source "ChessBase"]
[SourceQuality "1"]

{[%evp 20,95,18,8,24,23,23,19,39,12,40,44,46,41,53,51,59,59,62,65,77,52,75,75,
84,75,77,59,84,81,102,83,128,100,97,97,121,127,166,125,127,124,126,123,129,130,
183,183,156,91,176,150,130,140,145,56,55,39,29,31,45,52,59,50,52,41,41,42,52,
13,32,9,13,0,12,0,15,0]} 1. d4 Nf6 2. c4 e6 3. Nc3 d5 4. cxd5 exd5 5. Bg5 c6 6.
e3 Bd6 7. Bd3 h6 8. Bh4 O-O 9. Nge2 Re8 10. h3 Nbd7 11. Qc2 b5 {D36: Queen's
Gambit Declined: Exchange Variation: Main line (5 Bg5 c6 6 Qc2).} 12. O-O a5 {
[#]} 13. Rad1 $146 ({Predecessor:} 13. Rac1 a4 14. a3 Ba6 15. Rfe1 Be7 16. Rcd1
Qb8 17. Ra1 Nb6 18. e4 b4 19. Bxa6 bxc3 {1/2-1/2 (37) Kirienko,V (2313)
-Eliseev,V (2233) ICCF email 2017}) 13... Qb6 14. Bg3 Bxg3 15. Nxg3 Nf8 16.
Nce2 Be6 17. Rc1 Rac8 18. Nf5 Bxf5 19. Bxf5 Ne6 20. Rfd1 Nd7 21. Nf4 Qd8 22.
Nd3 Qf6 23. Bxe6 fxe6 24. f4 Rc7 25. Qd2 b4 26. Rc2 Rec8 27. Rdc1 Qf5 28. Nc5
Nf6 29. Qd3 Qxd3 30. Nxd3 Ne4 31. Nc5 Nd6 32. Kf2 ({But not} 32. Nxe6 $6 Re7
$11) 32... Re7 (32... Kf7 $16 {might work better.} 33. Kf3 Ke7) 33. Kf3 $18 g5
34. g3 ({Better is} 34. Nd3) 34... Kh7 (34... gxf4 $16 35. exf4 (35. gxf4 Rg7
$14) 35... h5) 35. Nd3 Rec7 36. Ne5 gxf4 37. gxf4 ({Reject} 37. exf4 $6 Nf5 $14
) (37. Rxc6 $16 Rxc6 38. Rxc6 Rxc6 39. Nxc6 fxg3 40. Kxg3) 37... Rg7 $14 38.
Rxc6 Rxc6 39. Rxc6 {[%mdl 4096] Endgame KRN-KRN} Ne4 40. f5 exf5 41. Kf4 Rg2 {
[#] ...Rf2+ is the strong threat.} 42. Kxf5 {Hoping for Rc7+.} Rxb2 43. Rc7+
Kg8 44. Ke6 Rxa2 45. Rc8+ Kg7 {The position is equal.} 46. Rc7+ Kg8 47. Rc8+
Kg7 48. Rc7+ {Blacks defense is rewarded with a draw.  Weighted Error Value:
White=0.13/Black=0.10} 1/2-1/2

[Event "EICC 2021"]
[Site "Reykjavik"]
[Date "2021.08.30"]
[Round "5.8"]
[White "Nisipeanu, Liviu-Dieter"]
[Black "Ivic, Velimir"]
[Result "1-0"]
[WhiteElo "2671"]
[BlackElo "2571"]
[Annotator "TA"]
[PlyCount "81"]
[EventDate "2021.08.26"]
[EventType "swiss"]
[EventCountry "ISL"]
[Tiebreak "Cut1 Buchholz"]
[SourceTitle "playchess.com"]
[Source "ChessBase"]
[SourceQuality "1"]

{[%evp 24,81,14,0,6,0,0,0,7,14,17,0,1,-5,28,-5,-6,-11,0,0,90,83,90,90,90,84,93,
97,101,102,114,77,83,81,133,127,132,106,97,91,114,102,118,106,210,210,218,230,
225,230,227,201,264,252,250,265,262,256,243,262]} 1. d4 Nf6 2. Nf3 g6 3. Nbd2
c5 4. dxc5 Qa5 5. a3 Qxc5 6. b4 Qc7 7. Bb2 Bg7 8. e3 O-O 9. Be2 d6 10. O-O b6
11. c4 Bb7 12. Rc1 Nbd7 13. Nd4 Rac8 {A48: 1 d4 Nf6 2 Nf3 g6: Torre, London
and Colle Systems.} 14. Bf3 a6 {[#]} 15. b5 $5 $146 {[%mdl 8] New and
interesting.} ({Predecessor:} 15. Qe2 Bxf3 16. Qxf3 Rfe8 17. Rfd1 e5 18. N4b3
e4 19. Qe2 Ne5 20. Rc2 d5 21. Bxe5 Qxe5 {1-0 (48) Lupulescu,C (2598)-Petrosian,
D (2468) Rijeka 2010}) 15... e5 {The position is equal.} 16. Bxb7 Qxb7 17. Nc6
{next Ne7+ is good for White.} Nb8 18. Nxb8 Rxb8 19. Qf3 Qxf3 20. gxf3 Ra8 21.
Rfd1 axb5 (21... Rfc8 $11 {remains equal.}) 22. cxb5 $16 Ra5 23. Nc4 Rxb5 24.
Rxd6 Rc8 {...Rxb2! is the strong threat.} 25. Nxb6 Rb8 26. Nc4 Rc8 {[#] And
now ...Rxb2! would win.} 27. Nd2 $1 Rcb8 (27... Ra8 28. Nc4) 28. Ba1 $36 {
[%mdl 2048] White is really pushing.} Ra5 (28... Ra8 $142) 29. Rdc6 {Black
must now prevent Nc4.} Nd7 30. Rc8+ Rxc8 31. Rxc8+ Bf8 32. Nc4 Rd5 {Strongly
threatening ...Rd1+.} 33. Bc3 Rd1+ (33... Rc5 $16 34. Rxc5 Bxc5) 34. Kg2 $18
Rc1 35. Bb4 Kg7 36. Bxf8+ Nxf8 {[#]} 37. Rc6 Ra1 38. Nxe5 Rxa3 39. Rc7 Ne6 40.
Rxf7+ Kg8 {intending ...Ra5.} 41. Re7 {Weighted Error Value: White=0.06/
Black=0.15} 1-0

[Event "EICC 2021"]
[Site "Reykjavik"]
[Date "2021.08.30"]
[Round "5.9"]
[White "Huschenbeth, Niclas"]
[Black "Grandelius, Nils"]
[Result "1/2-1/2"]
[WhiteElo "2592"]
[BlackElo "2666"]
[Annotator "TA"]
[PlyCount "72"]
[EventDate "2021.08.26"]
[EventType "swiss"]
[EventCountry "ISL"]
[Tiebreak "Cut1 Buchholz"]
[SourceTitle "playchess.com"]
[Source "ChessBase"]
[SourceQuality "1"]

{[%evp 9,72,19,81,85,124,60,67,64,66,-7,11,8,0,-12,50,43,48,50,37,39,48,23,43,
10,32,39,39,14,47,47,45,0,0,0,45,-16,-14,-16,-28,-55,-46,-60,-45,-41,0,-55,0,
-38,-36,-51,-40,-39,-38,-43,-12,-14,-13,-51,-25,-37,0,0,0,0,0]} 1. d4 d5 2. Nc3
Bf5 3. f3 Nf6 4. g4 Bg6 5. h4 h5 (5... h6 $11 {keeps the balance.}) 6. g5 $16 {
D00: 1 d4 d5: Unusual lines.} Nfd7 {[#]} 7. Nh3 $146 (7. Nxd5 $16 e5 8. e4) ({
Predecessor:} 7. e4 dxe4 8. fxe4 Nc6 9. Bf4 f6 10. Nb5 Rc8 11. Nf3 e5 12. dxe5
fxe5 13. Bg3 Bxe4 {1-0 (26) Buerger,N (1697)-Schalkhaeuser,L (801) Schweinfurt
2018}) 7... e5 8. dxe5 {White is slightly better.} d4 9. e6 dxc3 $11 10. exd7+
Nxd7 11. Qd4 cxb2 ({Black should play} 11... Bd6 $11) 12. Bxb2 $14 Nc5 13. Nf4
Qxd4 14. Bxd4 Bf5 15. Nd3 Ne6 16. Bf2 Bd6 17. e4 Bg6 18. Be3 Rd8 (18... f5 $5 {
[%cal Rf5e4]}) 19. Kf2 c5 20. c4 b6 21. Rd1 f5 22. gxf6 (22. e5 $1 $14 Be7 23.
f4) 22... gxf6 $11 23. Rg1 Bf7 24. Bh3 Bh2 25. Rh1 Bc7 26. Rhg1 Bh2 27. Rg2 (
27. Rh1 $11 Bc7 28. f4) 27... Bc7 28. Rgg1 Rg8 29. Rxg8+ Bxg8 30. Rg1 Bf7 31.
Bf1 Ke7 32. f4 Nd4 33. Ne1 Nc6 34. Nf3 Rg8 35. Rxg8 Bxg8 36. a3 Bf7 {Weighted
Error Value: White=0.20/Black=0.21} 1/2-1/2

[Event "EICC 2021"]
[Site "Reykjavik"]
[Date "2021.08.30"]
[Round "5.10"]
[White "Dragnev, Valentin"]
[Black "Martirosyan, Haik M."]
[Result "1/2-1/2"]
[WhiteElo "2557"]
[BlackElo "2632"]
[Annotator "TA"]
[PlyCount "54"]
[EventDate "2021.08.26"]
[EventType "swiss"]
[EventCountry "ISL"]
[Tiebreak "Cut1 Buchholz"]
[SourceTitle "playchess.com"]
[Source "ChessBase"]
[SourceQuality "1"]

{[%evp 18,54,16,13,16,21,31,25,29,22,22,33,27,15,12,-81,17,17,19,16,27,24,31,
28,33,17,30,26,28,23,37,0,0,0,14,0,11,0,0]} 1. e4 e5 2. Nf3 Nc6 3. Bb5 Nf6 4.
O-O Nxe4 5. Re1 Nd6 6. Nxe5 Be7 7. Bf1 Nxe5 8. Rxe5 O-O 9. d4 Bf6 10. Re1 Nf5 {
C67: Ruy Lopez: Berlin Defence: 4 0-0 Nxe4.} 11. d5 d6 12. Nd2 h6 {[#] White
has an edge.} 13. c3 $146 ({Predecessor:} 13. Ne4 Be5 14. c3 g6 15. g3 Bg7 16.
Bg2 Bd7 17. Bf4 a5 18. a4 Kh7 19. h4 {1-0 (53) Shuvalova,P (2421)-Gritsayeva,O
(2378) Sochi 2018}) 13... Bd7 14. Bd3 a5 15. Qc2 Ne7 16. Bh7+ Kh8 {[#] Hoping
for ...g6.} 17. Be4 Bg5 18. c4 f5 19. Bd3 c5 20. Nf3 Bxc1 21. Raxc1 g5 22. Qd2
{Threatens to win with h4.} Kg7 23. Qc3+ Kg8 24. Qd2 Kg7 {The position is
equal.} 25. Qc3+ Kf7 26. Qc2 Kg8 27. Qd2 Kg7 {An uneventful encounter. 
Weighted Error Value: White=0.04/Black=0.02} 1/2-1/2

[Event "EICC 2021"]
[Site "Reykjavik"]
[Date "2021.08.30"]
[Round "5.11"]
[White "Banusz, Tamas"]
[Black "Paichadze, Luka"]
[Result "1/2-1/2"]
[WhiteElo "2631"]
[BlackElo "2564"]
[Annotator "TA"]
[PlyCount "116"]
[EventDate "2021.08.26"]
[EventType "swiss"]
[EventCountry "ISL"]
[Tiebreak "Cut1 Buchholz"]
[SourceTitle "playchess.com"]
[Source "ChessBase"]
[SourceQuality "1"]

{[%evp 21,116,16,16,10,14,13,16,18,18,7,43,18,14,14,17,26,22,12,31,29,51,44,47,
39,75,66,56,63,64,46,52,28,64,62,61,0,0,0,10,0,0,0,0,0,0,-20,0,0,0,0,104,104,
155,160,145,64,165,164,182,180,164,179,258,253,234,219,209,195,178,91,98,99,
150,28,27,27,27,27,154,28,35,0,0,0,0,0,0,0,0,0,0,0,0,0,0,0,0]} 1. Nf3 Nf6 2. g3
e6 3. Bg2 c5 4. c4 Nc6 5. O-O d5 6. d4 Be7 7. cxd5 Nxd5 8. Nc3 O-O 9. Nxd5 exd5
10. dxc5 Bxc5 11. Bg5 Qd7 12. Ne1 {D41: Queen's Gambit Declined: Semi-Tarrasch
with 5 cxd5.} h6 13. Bd2 Rd8 14. Nd3 Bb6 15. a4 {[%cal Ba2a4,Ba4a5][%mdl 32] 
[#]} Qe7 $146 ({Predecessor:} 15... a5 16. Nf4 d4 17. Nd5 Ra6 18. Rc1 Ba7 19.
Bf4 Kh7 20. Nc7 Rb6 21. Nb5 Bb8 22. Bxb8 Nxb8 23. Rc4 Qe8 24. Rxd4 Rxd4 25.
Qxd4 Rg6 26. Nd6 Nc6 27. Qd3 {1-0 (27) Gustafsson,J (2535)-Hertneck,G (2572)
Germany 2002}) 16. a5 Bc7 17. Re1 Bf5 18. Qa4 a6 19. Rac1 Rac8 20. Nb4 Nxb4 21.
Bxb4 Qe6 22. Qb3 Be4 23. Bxe4 $1 Qxe4 24. Bd2 Be5 25. Qxb7 Rxc1 26. Rxc1 Qxe2 {
[#]} 27. Qe7 $1 Rd6 28. Be3 ({Of course not} 28. Bb4 Rf6 $15) (28. Bc3 $14 Rf6
29. Rf1 (29. Qxe5 Qxf2+ 30. Kh1 Qf3+ 31. Kg1 Qf2+ 32. Kh1 Qf3+ 33. Kg1 Qf2+ $11
)) 28... d4 $11 29. Qxe5 {Threatens to win with Rc8+.} dxe3 {[%mdl 4096]
Endgame KQR-KQR} 30. Qe8+ (30. Rc8+ {looks sharper.} Kh7 31. Qf5+ Rg6 32. fxe3
Qxb2 33. e4) 30... Kh7 31. Qxe3 Qxb2 32. Qe4+ g6 33. Rb1 (33. Rc5 {feels
hotter.} Rf6 34. Qe3 Qb7 35. Qd4 Re6 36. Re5) 33... Qa2 34. Rb7 Rd1+ 35. Kg2 {
And now Qf3 would win.} Rd2 (35... Kg7 $11 {remains equal.}) 36. Qf3 $16 Kg8 (
36... Kg7 $142) 37. Rb8+ $1 Kh7 38. Rf8 ({White should play} 38. Rb6 $16) 38...
Rd7 (38... Kg7 $14 39. Rxf7+ Qxf7 40. Qc3+ {[%mdl 64] Double Attack} Qf6 41.
Qxd2 Qc6+ 42. Kg1 Qc4) 39. Qf6 $18 {[%csl Gf6][%cal Rf8h8]} Qd5+ 40. f3 {
[%csl Gf6][%cal Rf8h8]} Qa2+ 41. Kh3 {[%csl Gf6][%cal Rf8h8]} Qe6+ 42. Qxe6
fxe6 {KR-KR} 43. Ra8 $1 Rd6 44. Ra7+ Kg8 {[#]} 45. g4 ({White should try} 45.
f4 $1 $18) 45... Kf8 $16 46. Kg3 g5 (46... e5 $142) 47. h4 (47. h3 $16) 47...
gxh4+ $11 48. Kxh4 {Black must now prevent f4.} e5 49. Kg3 Rg6 {[#]} (49... Rf6
$11 {keeps the balance.}) 50. Rh7 (50. Kf2 $1 $16) 50... Ke8 51. Rb7 h5 {
The position is equal.} 52. Rb6 Kf7 53. Kh4 hxg4 54. fxg4 e4 55. Kg3 {aiming
for Rxg6.} e3 56. Rxg6 Kxg6 57. Kf3 Kg5 58. Kxe3 {White threatens Kd4 and mate.
} Kxg4 {White really could win this.  Weighted Error Value: White=0.17/Black=0.
22} 1/2-1/2

[Event "EICC 2021"]
[Site "Reykjavik"]
[Date "2021.08.30"]
[Round "5.12"]
[White "Van Foreest, Lucas"]
[Black "Vocaturo, Daniele"]
[Result "1/2-1/2"]
[WhiteElo "2544"]
[BlackElo "2630"]
[Annotator "TA"]
[PlyCount "48"]
[EventDate "2021.08.26"]
[EventType "swiss"]
[EventCountry "ISL"]
[Tiebreak "Cut1 Buchholz"]
[SourceTitle "playchess.com"]
[Source "ChessBase"]
[SourceQuality "1"]

{[%evp 12,48,22,16,22,19,17,13,20,18,26,7,5,0,4,0,0,0,14,0,0,8,18,0,0,0,0,0,0,
0,118,-77,0,-81,0,0,0,-40,0]} 1. e4 e5 2. Nf3 Nc6 3. Bc4 Bc5 4. c3 Nf6 5. d3
O-O 6. O-O d6 7. Re1 a6 {C54: Giuoco Piano: 4 c3 Nf6, main lines with 5 d4 and
5 d3.} 8. a4 {Nowadays more popular than 8.Bb3.} h6 9. Nbd2 {[%cal Bb1d2,Bd2f1,
Bf1g3][%mdl 32]} Ba7 {The position is equal.} 10. Nf1 Ne7 11. Ng3 Ng6 12. h3 c6
13. Bb3 d5 14. exd5 Nxd5 15. d4 exd4 16. Nxd4 Be6 {[#]} 17. Nxe6 $146 ({
Predecessor:} 17. Bc2 Bd7 18. Bb3 Qa5 19. Bxd5 Qxd5 20. Ndf5 Qxd1 21. Rxd1 Bxf5
22. Nxf5 Rfd8 23. Be3 Bxe3 24. Nxe3 {1/2-1/2 (31) Grischuk,A (2778)-Korobov,A 
(2683) Krasnaya Polyana 2021}) 17... fxe6 18. Rxe6 Rxf2 ({Much weaker is} 18...
Bxf2+ $6 19. Kh1 $14) 19. Kh1 Nh4 20. Qg4 {[#] Threatens to win with Bxh6.}
Rxg2 (20... h5 $1 $11 21. Qxh5 Rxg2) 21. Rxh6 $2 (21. Bxh6 $1 $16 {[%csl Gh6]
[%cal Rg4g7]} Qc7 22. Bxd5 cxd5 23. Bf4) 21... Rg1+ $17 22. Kh2 {White wants
to mate with Qe6+.} Rg2+ 23. Kh1 {Threatening mate with Qe6+.} Rg1+ 24. Kh2 {
White threatens Qe6+ and mate.} Rg2+ {Weighted Error Value: White=0.27/Black=0.
20} (24... Nf3+ $5 25. Qxf3 gxh6 26. Qg4+ Kh8 27. Bxh6 {[#]} Qf6 $1 28. Bg7+
Qxg7 29. Qh5+ Kg8 30. Bxd5+ cxd5 31. Qxd5+ Kh7 32. Qe4+ Qg6 33. Rxg1 Qxe4 34.
Nxe4 Bxg1+ 35. Kxg1 Rc8 $15) 1/2-1/2

[Event "EICC 2021"]
[Site "Reykjavik"]
[Date "2021.08.30"]
[Round "5.13"]
[White "Yilmaz, Mustafa"]
[Black "Stefansson, Hannes"]
[Result "1-0"]
[WhiteElo "2630"]
[BlackElo "2519"]
[Annotator "TA"]
[PlyCount "144"]
[EventDate "2021.08.26"]
[EventType "swiss"]
[EventCountry "ISL"]
[Tiebreak "Cut1 Buchholz"]
[SourceTitle "playchess.com"]
[Source "ChessBase"]
[SourceQuality "1"]

{[%evp 22,144,20,0,0,6,5,0,7,0,288,14,9,8,4,7,10,25,35,0,0,0,10,-3,6,-27,-2,
-30,0,0,0,-7,0,0,0,0,0,0,0,0,0,0,0,-10,0,0,22,8,8,8,8,8,8,18,18,18,18,18,8,8,8,
8,70,63,66,34,110,118,131,70,131,119,120,131,145,116,123,112,174,72,104,72,77,
71,68,30,76,76,72,26,37,8,8,8,8,8,69,8,70,8,8,8,110,104,171,170,184,165,168,
176,159,168,268,95,29965,29966,29964,29963,29969,29970,29969,29970,29977,29977,
29968]} 1. d4 Nf6 2. c4 e6 3. Nf3 d5 4. Nc3 c6 5. e3 Nbd7 6. Qc2 Bd6 7. Bd3 O-O
8. O-O dxc4 9. Bxc4 b5 10. Be2 Bb7 11. Rd1 Qc7 12. h3 {12.Bd2 is setting a new
trend.} b4 {D46: Semi-Slav: 5 e3 Nbd7 6 Bd3, Black avoids the Meran.} 13. Na4
c5 14. dxc5 Bxc5 {The position is equal.} 15. b3 {[#]} Be4 $146 {[%mdl 8192] 
[#]} (15... Rfc8 $11) ({Predecessor:} 15... Rfc8 16. Nxc5 Nxc5 17. Nd2 a5 18.
Bb2 a4 19. Bf1 Bd5 20. f3 Qb7 21. Nc4 Ncd7 {1/2-1/2 (36) Becsenescu,F (2458)
-Kevicky,M (2411) ICCF email 2015}) 16. Bd3 $2 (16. Rxd7 $1 $18 {[%mdl 512]}
Qxd7 (16... Nxd7 17. Qxe4) 17. Qxc5) 16... Bxd3 $11 17. Rxd3 Rac8 18. Nxc5 Nxc5
19. Rd4 {Threatens to win with Rc4.} Qb7 20. Bd2 Nce4 21. Qd3 a5 22. Ne5 Rc5
23. f4 h6 24. Be1 Rd5 25. Rxd5 exd5 26. Kh2 Rc8 27. a3 bxa3 28. Rxa3 Rc1 29.
Qe2 Rb1 30. Rxa5 Rxb3 31. Bh4 Rb2 32. Qa6 (32. Qd3 {is interesting.} g5 33. Qa3
gxh4 34. Ra8+ Kh7 35. Ra7) 32... Qxa6 33. Rxa6 Rb8 34. Bxf6 Nxf6 {[%mdl 4096]
Endgame KRN-KRN} 35. Ra3 Ne4 36. Ra7 Rb3 37. Ra8+ Kh7 38. Nxf7 Rxe3 39. f5 {
[%csl Gf7][%cal Ra8h8]} g6 40. fxg6+ Kxg6 41. Ne5+ Kg7 (41... Kg5 $11) 42. Ra7+
$14 Kf8 43. Ng4 Re1 (43... Rc3 $14) 44. Nxh6 $16 Nd6 {[#]} 45. Ng4 (45. Ra5 $1
$16) 45... d4 ({Black should try} 45... Nf5 $1 $14) 46. Ra4 Nf5 47. Ra5 Rf1 48.
Ne5 Ne3 49. g4 Rd1 (49... Rc1 $16) 50. Ra3 (50. Kg3 $18 {and the rest is easy.}
) 50... Kg7 51. Kg3 {aiming for Rd3.} Kf6 52. Nd3 (52. Nf3 {with more
complications.} d3 53. Ra4 d2 54. Rf4+ Kg7 55. Rd4) 52... Nc4 53. Ra6+ (53. Rb3
{looks sharper.} Ke6 54. Kh4 Rf1 55. g5 Ne3 56. Rb8) 53... Kf7 54. Nf2 Rg1+ 55.
Kf3 {Hoping for Ke4.} Re1 56. Ra4 Ne5+ 57. Kf4 (57. Kg2 {keeps more tension.}
d3 58. Rd4 Re2 59. Kf1 Re3 60. Re4) 57... Ng6+ 58. Kg5 Re5+ 59. Kh6 Re2 (59...
Ne7 $1 $11) 60. Ra7+ (60. Nd3 $1 $14 Rh2 61. Rxd4) 60... Ne7 $1 $11 61. Nd3 {
Kg5 is the strong threat.} Re3 (61... Rh2 $1 $11 62. Kg5 Rxh3) 62. Nf4 $16 Re4
{[#]} (62... Ke8 $16 {is a better defense.}) 63. Kg5 $1 $18 Re5+ 64. Kh4 Ke8
65. Ra3 Kf7 66. Kg3 Nd5 (66... Nc6 {was called for.} 67. Rf3 Kg7) 67. Kf3 $2 (
67. Rf3 $18 {has better winning chances.} Kg7 68. Rd3) 67... Re3+ $2 {[%mdl
8192] This move loses the game for Black.} (67... Nc3 $16) 68. Rxe3 {White
mates.} Nxe3 69. Ne2 Nc2 70. Ke4 Kf6 71. Nxd4 Na3 72. h4 Nc4 {Weighted Error
Value: White=0.22/Black=0.25} 1-0

[Event "EICC 2021"]
[Site "Reykjavik"]
[Date "2021.08.30"]
[Round "5.14"]
[White "Fridman, Daniel"]
[Black "Bjerre, Jonas Buhl"]
[Result "1/2-1/2"]
[WhiteElo "2621"]
[BlackElo "2550"]
[Annotator "TA"]
[PlyCount "51"]
[EventDate "2021.08.26"]
[EventType "swiss"]
[EventCountry "ISL"]
[Tiebreak "Cut1 Buchholz"]
[SourceTitle "playchess.com"]
[Source "ChessBase"]
[SourceQuality "1"]

{[%evp 18,51,7,0,8,7,18,0,7,25,14,0,0,0,0,-14,0,0,0,-7,-8,-14,-13,-10,0,0,0,0,
0,-10,0,0,0,-9,0,-13]} 1. d4 Nf6 2. c4 e6 3. Nf3 d5 4. g3 dxc4 5. Bg2 a6 6. O-O
Nc6 7. Nc3 Rb8 8. e4 Be7 9. d5 exd5 10. exd5 Nb4 {E04: Open Catalan: 5 Nf3.}
11. Ne5 Bf5 12. Nxc4 O-O 13. a3 Nd3 14. b4 {The position is equal.} Nxc1 15.
Rxc1 Ne8 16. Qf3 Bd7 {[#]} 17. Ne5 $146 ({Predecessor:} 17. Rfe1 Nd6 18. Nxd6
Bxd6 19. Ne4 Bb5 20. Nxd6 Qxd6 21. Qc3 Rfe8 22. Rxe8+ Rxe8 23. a4 {1/2-1/2 (38)
Lakunza Oyarbide,J (2122)-Gomez Anadon,D (2286) Benidorm 2008}) 17... Nd6 18.
Nxd7 Qxd7 19. Rc2 Rfe8 20. h4 a5 21. bxa5 Ra8 22. Rfc1 Rxa5 23. a4 Bf6 24. Ne2
Bd8 25. Nc3 Bf6 26. Ne2 {A rather calm draw.  Weighted Error Value: White=0.03/
Black=0.04} 1/2-1/2

[Event "EICC 2021"]
[Site "Reykjavik"]
[Date "2021.08.30"]
[Round "5.16"]
[White "Kanyamarala, Tarun"]
[Black "Mamedov, Nidjat"]
[Result "0-1"]
[WhiteElo "2369"]
[BlackElo "2595"]
[Annotator "TA"]
[PlyCount "56"]
[EventDate "2021.08.26"]
[EventType "swiss"]
[EventCountry "ISL"]
[Tiebreak "Cut1 Buchholz"]
[SourceTitle "playchess.com"]
[Source "ChessBase"]
[SourceQuality "1"]

{[%evp 15,56,44,80,-14,-3,-49,10,11,20,0,0,0,11,5,24,24,29,18,19,0,0,3,21,0,24,
-243,-228,-258,-259,-293,-295,-360,-345,-345,-318,-344,-335,-717,-721,-825,
-842,-1034,-1000]} 1. d4 Nf6 2. c4 g6 3. Nc3 Bg7 4. e4 d6 5. Nf3 O-O 6. Be2 e5
7. d5 Na6 8. Nd2 c5 {Recently 8...Bh6 got a lot of attention.} 9. dxc6 {
E92: King's Indian: Classical: 6 Be2 e5: 7 dxe5, 7 Be3 and Petrosian System
without 7...Nbd7.} ({Better is} 9. a3 $16) 9... bxc6 $11 {[#]} 10. Rb1 $146 ({
Predecessor:} 10. Nb3 Be6 11. O-O Nc7 12. Na5 Qd7 13. Qa4 c5 14. Qxd7 Bxd7 15.
Rd1 Nce8 16. f3 Rb8 {1-0 (39) Stange,S (2167)-Hoffman,R (1987) Vlissingen 2019}
) 10... Nc5 (10... Nc7 $15) 11. b4 {The position is equal.} Ne6 12. Nb3 Nd4 13.
O-O ({But not} 13. Nxd4 $2 exd4 14. Qxd4 Nd5 $1 $19 {[%mdl 512]}) 13... Rb8 14.
a3 ({Don't play} 14. Nxd4 exd4 15. Na4 (15. Qxd4 Nd5 $17 {[%mdl 64] Pin}) 15...
Nxe4 $17) 14... Nd7 15. Be3 {[%cal Rb3d4]} c5 16. Nd5 Bb7 17. bxc5 dxc5 18. Bd2
Bc6 {Threatens to win with ...Rxb3.} 19. Nxd4 (19. Ba5 {seems wilder.} Qh4 20.
Nxd4 exd4 21. f4 Rxb1 22. Qxb1 Rb8 23. Qc2) 19... Rxb1 {[#]} (19... cxd4 {
with more complications.} 20. Rxb8 Nxb8 21. Bb4 Re8 22. Qd2 Na6) 20. Nxc6 $4 {
[%mdl 8192] This move loses the game for White.} (20. Ne7+ $1 $11 {and White
stays safe.} Qxe7 21. Nxc6) 20... Rxd1 $19 21. Rxd1 {[#]} Qa8 22. Be3 {aiming
for Nde7+.} Kh8 23. Nde7 Qb7 24. Na5 Qc7 25. Nb3 Rb8 26. Rd3 (26. Nd5 Qc6 27.
Nd2) 26... Nf6 {[%mdl 64] Discovered Attack. Black is clearly winning.} 27. Nd5
Nxd5 28. cxd5 c4 {[%mdl 64] Double Attack.  Weighted Error Value: White=0.76/
Black=0.13} 0-1

[Event "EICC 2021"]
[Site "Reykjavik"]
[Date "2021.08.30"]
[Round "5.17"]
[White "Bluebaum, Matthias"]
[Black "Juksta, Karolis"]
[Result "1-0"]
[WhiteElo "2674"]
[BlackElo "2438"]
[Annotator "TA"]
[PlyCount "73"]
[EventDate "2021.08.26"]
[EventType "swiss"]
[EventCountry "ISL"]
[Tiebreak "Cut1 Buchholz"]
[SourceTitle "playchess.com"]
[Source "ChessBase"]
[SourceQuality "1"]

{[%evp 16,73,26,27,16,24,16,0,1,-7,0,-17,-18,-24,-27,-25,0,-32,0,0,13,6,15,22,
24,12,19,16,65,58,243,245,233,227,269,263,358,353,355,279,273,283,292,274,450,
465,1640,1626,1552,1492,2470,254,2395,2268,29988,29970,29992,29993,29993,29991]
} 1. e4 e6 2. d4 d5 3. e5 c5 4. c3 Nc6 5. Nf3 Nge7 6. Na3 cxd4 7. cxd4 Nf5 8.
Nc2 Bd7 9. Bd3 $1 {The main line 9.Bd3 scores better than 9.Be2.} Qb6 {[%cal
Rf5d4] C02: French: Advance Variation.} 10. O-O a5 {[%cal Rf5d4]} (10... Nfxd4
$2 11. Nfxd4 Nxe5 12. Be2 $18) 11. Bxf5 exf5 {The position is equal.} 12. h4 h6
{[#]} 13. Nce1 $146 ({Predecessor:} 13. b3 Be6 14. Be3 Be7 15. Nce1 Qd8 16. h5
g5 17. hxg6 fxg6 18. Nd3 g5 19. Nc5 {1/2-1/2 (34) Girel,J (2373)-Moskalenko,V 
(2477) Barcelona 2021}) 13... Be7 14. Be3 O-O 15. Nd3 Rfc8 16. Qd2 Be6 17. Rfc1
Qd8 18. h5 b6 19. Nf4 a4 20. Nxe6 (20. Ne1 {is interesting.} Na5 21. Rxc8 Bxc8
22. Qc2 Qd7 23. Bd2) 20... fxe6 21. Bxh6 Qe8 22. Bg5 Qxh5 $2 {[#] This costs
Black the game.} (22... Bb4 $14 23. Qd1 Qxh5) 23. Rxc6 $1 $18 {[%mdl 576]
Remove Defender} Rxc6 24. Bxe7 Kf7 25. Qb4 Rac8 {And now ...Rc1+ would win.}
26. Bg5 Qg4 27. Qe7+ (27. Qxa4 f4 $18) 27... Kg8 28. Bd2 f4 29. a3 ({Don't take
} 29. Ng5 Qf5 $18) 29... Kh7 $2 {[#]} (29... R6c7 30. Qb4 g5 31. Qxb6 (31. Qxa4
Qh5 $16) 31... Qf5) 30. Ng5+ Kg6 (30... Kh6 $142 31. Nh3 Kh7 32. Bxf4 Kg8) 31.
Qf7+ ({Don't go for} 31. Bxf4 $2 Qxf4 32. Re1 Qxg5 $19) 31... Kxg5 32. Qxg7+
Kh5 33. Qh7+ Kg5 {White should prevent ...R6c7.} 34. g3 $1 Rc1+ 35. Bxc1 {
White mates.} Qd1+ 36. Kg2 Rxc1 37. Qg7+ {Weighted Error Value: White=0.07/
Black=0.55} 1-0